000
00293nam a2200109Ia 4500
008
200302s9999 xx 000 0 und d
100
_a
Manfred M. Fischer & Ohters
245
_a
Regional Housing and Labour Markets
260
_b
An Elgar Reference Collection
260
_c
1996
300
_a
553 P.,
999
_c
5585
_d
5585